000 01134nam a22003137a 4500
001 648
005 20230926095059.0
020 _a0439461332
040 _aMGI
_cMGI
_dDLC
_beng
050 0 0 _aQL638.9
_b.T95 2002
082 0 0 _a591.77
_222
100 1 _aTwist, Clint.
245 1 0 _aShark and other sea creatures dictionary :
_ban A to Z of sea life /
_c[author: Clint Twist].
250 _aThis edition produce in 2010 for Scholastic Inc.
260 _aNew York :
_bScholastic ,
_c2010 .
300 _a64 pages :
_bcolor illustrations ;
_c25 cm.
500 _aOriginally published: Abingdon [England] : Andromeda Oxford, 2002.
500 _aIncludes index.
505 _aK
520 _aIntroduces young readers to the ferocious underwater world of sharks and other dangerous sea creatures.
521 _a550
_bLexile estimate
521 _aK
_bRaz-Plus
650 0 _aSharks
_vDictionaries, Juvenile.
650 0 _aMarine animals
_vDictionaries, Juvenile.
650 1 _aSharks
_vDictionaries.
650 1 _aMarine animals
_vDictionaries.
906 _a7
_bcbc
_ccopycat
_d2
_encip
_f20
_gy-gencatlg
942 _2ddc
_cBK
_n0
999 _c648
_d648